An examination of the impact of parliamentary reforms on governance and democracy in Zambia (Record no. 42798)
[ view plain ]
| 000 -LEADER | |
|---|---|
| fixed length control field | 00759nam a2200181 a 4500 |
| 008 - FIXED-LENGTH DATA ELEMENTS--GENERAL INFORMATION | |
| fixed length control field | 210607s2014 ||||||||||||||||| || u |
| 050 ## - LIBRARY OF CONGRESS CALL NUMBER | |
| Classification number | CBU-PG THESIS/MUM |
| 100 ## - MAIN ENTRY--PERSONAL NAME | |
| Personal name | MUMBA, FRANCIS |
| 245 13 - TITLE STATEMENT | |
| Title | An examination of the impact of parliamentary reforms on governance and democracy in Zambia |
| Statement of responsibility, etc. | By Francis Mumba |
| 260 ## - PUBLICATION, DISTRIBUTION, ETC. | |
| Place of publication, distribution, etc. | KITWE |
| Name of publisher, distributor, etc. | Copperbelt University |
| Date of publication, distribution, etc. | 2014 |
| 300 ## - PHYSICAL DESCRIPTION | |
| Extent | viii, 56 pages |
| 500 ## - GENERAL NOTE | |
| General note | Includes references |
| 650 ## - SUBJECT ADDED ENTRY--TOPICAL TERM | |
| Topical term or geographic name entry element | GOVERNANCE AND DEMOCRACY--ZAMBIA |
| 650 ## - SUBJECT ADDED ENTRY--TOPICAL TERM | |
| Topical term or geographic name entry element | POLITICS AND GOVERNMENT |
| 650 ## - SUBJECT ADDED ENTRY--TOPICAL TERM | |
| Topical term or geographic name entry element | ZAMBIA--PARLIAMENT REFORMS--SOCIAL CONDITIONS |
| 650 ## - SUBJECT ADDED ENTRY--TOPICAL TERM | |
| Topical term or geographic name entry element | PARLIAMENT--RULE AND PRACTICE |
| 995 ## - RECOMMENDATION 995 [LOCAL, UNIMARC FRANCE] | |
| -- | CBU-MAIN LIBRARY (Kitwe) |
| -- | 1 |
| -- | AVAILABLE |
| -- | Jun 7, 2021 |
| -- | University Collection |
| Withdrawn status | Lost status | Source of classification or shelving scheme | Damaged status | Not for loan | Home library | Current library | Shelving location | Date acquired | Total Checkouts | Full call number | Barcode | Date last seen | Price effective from | Koha item type |
|---|---|---|---|---|---|---|---|---|---|---|---|---|---|---|
| CBU-MAIN LIBRARY, KITWE. | CBU-MAIN LIBRARY, KITWE. | 11/30/2022 | CBU-PG THESIS/MUM | B4466 | 11/30/2022 | 11/30/2022 | MONOGRAPH |